В двух шагах от рая: роман
| Autore principale: | |
|---|---|
| Riassunto: | Лейтенант Шарагин служил в Афгане, служил в надежде остаться в живых, уцелеть для молодой жены, для детей, родителей, которые ложились спать с молитвой о нем; служил в охотку и поневоле, служил, потому что любил свою Родину, твердо убежденный в том, что она, пославшая его на войну для выполнения «интернационального долга», никогда не предаст. Увы, это убеждение умерло вместе с ним. Но когда? После возвращения домой? Или гораздо раньше, срезанное пулей в раскаленном, как жаровня, ущелье?.. Прочтите, прислушайтесь к себе. Это одно из самых сильных произведений об Афгане. Это по-настоящему русский роман. |
| Lingua: | russo |
| Pubblicazione: |
Москва, Эксмо, 2006
|
| Serie: | Афган Неизвестная война |
| Soggetti: | |
| Natura: | MixedMaterials Libro |
| KOHA link: | https://koha.lib.tpu.ru/cgi-bin/koha/opac-detail.pl?biblionumber=107193 |
MARC
| LEADER | 00000nam0a2200000 4500 | ||
|---|---|---|---|
| 001 | 107193 | ||
| 005 | 20231031115212.0 | ||
| 010 | |a 5699184244 | ||
| 035 | |a (RuTPU)RU\TPU\book\115737 | ||
| 090 | |a 107193 | ||
| 100 | |a 20061220d2006 m y0rusy50 ca | ||
| 101 | 0 | |a rus | |
| 102 | |a RU | ||
| 105 | |a y z 000ay | ||
| 200 | 1 | |a В двух шагах от рая |e роман |f М. А. Евстафьев | |
| 210 | |a Москва |c Эксмо |d 2006 | ||
| 215 | |a 416 с. | ||
| 225 | 1 | |a Афган | |
| 225 | 1 | |a Неизвестная война | |
| 330 | |a Лейтенант Шарагин служил в Афгане, служил в надежде остаться в живых, уцелеть для молодой жены, для детей, родителей, которые ложились спать с молитвой о нем; служил в охотку и поневоле, служил, потому что любил свою Родину, твердо убежденный в том, что она, пославшая его на войну для выполнения «интернационального долга», никогда не предаст. Увы, это убеждение умерло вместе с ним. Но когда? После возвращения домой? Или гораздо раньше, срезанное пулей в раскаленном, как жаровня, ущелье?.. Прочтите, прислушайтесь к себе. Это одно из самых сильных произведений об Афгане. Это по-настоящему русский роман. | ||
| 610 | 1 | |a русская литература | |
| 610 | 1 | |a проза | |
| 610 | 1 | |a романы | |
| 610 | 1 | |a афганская война | |
| 610 | 1 | |a войны | |
| 675 | |a Р2 |v 3 | ||
| 700 | 1 | |a Евстафьев |b М. А. |g Михаил | |
| 801 | 1 | |a RU |b 63413507 |c 20061220 |g PSBO | |
| 801 | 2 | |a RU |b 63413507 |c 20061225 |g PSBO | |
| 942 | |c BK | ||